00000000cas 2200000zi 4500
0019.946668
003CaOODSP
00520251212073526
006m     o  d f      
007cr cn ||||||||
008250109c20249999oncar p o    f0###b0fre d
022 |a2819-0122
040 |aCaOODSP|bfre|erda|cCaOODSP
043 |an-cn---
0861 |aPS71-9F-PDF
1102 |aService canadien du renseignement de sécurité.|eauteur, |eorganisme de publication.
222 0|aStratégie d'équité, de diversité et d'inclusion du SCRS, bilan des mesures du rendement
24510|aStratégie d'équité, de diversité et d'inclusion du SCRS, bilan des mesures du rendement.
2463 |aStratégie d'équité, de diversité et d'inclusion du Service canadien du renseignement de sécurité, bilan des mesures du rendement
24630|aBilan des mesures du rendement
264 1|a[Ottawa] : |bService canadien du renseignement de sécurité = Canadian Security Intelligence Service, |c[2024]-
310 |aAnnuel
336 |atexte|btxt|2rdacontent/fre
337 |ainformatique|bc|2rdamedia/fre
338 |aressource en ligne|bcr|2rdacarrier/fre
3621 |aParaît depuis : Phase 1 (printemps 2024).
500 |aPublié aussi en anglais sous le titre : CSIS diversity, equity and inclusion strategy summary performance measures scorecard.
588 |aDescription d'après : Phase 1 (printemps 2024); titre de la page couverture du fichier PDF.
588 |aDernière livraison consultée : Phase 1 (printemps 2024).
61026|aService canadien du renseignement de sécurité |vPériodiques.
650 6|aMulticulturalisme en milieu de travail|xPolitique gouvernementale|zCanada|vPériodiques.
655 7|aPériodiques|2rvmgf
77508|tCSIS diversity, equity and inclusion strategy summary performance measures scorecard.|w(CaOODSP)9.946669